BIBLIOTHÈQUE DE LA MAISON DU MEXIQUE

Logo 1 Logo 2

La ofrenda = Tlatsikuini (notice nᵒ 1620)

détails MARC
000 -Sello discográfico
campo de control de longitud fija 00991nam a2200325 4500
005 - Identificación de versión
campo de control 20251016083036.0
010 ## - Número Estándar Internacional de Libros (ISBN)
Número (ISBN) 968-13-2725-X
035 ## - Otros números de control del sistema
Número de control del sistema 22112
099 ## - fechas locales
Tipo de ítem Koha LIBRO
100 ## - Datos de procesamiento general
Datos de procesamiento general 19970522d1994 m y1spay5003 ba
101 1# - Idioma del recurso
Idioma del texto, banda sonora, etc. Español; Castellano
-- Lenguas náhuatl
105 ## - Campo de datos codificados: Material textual, monográfico
Datos codificados de monografía y 001by
200 1# - Título y mención de responsabilidad
Título propio La ofrenda = Tlatsikuini
Designación general del material texto impreso
Otra información del título teatro náhuatl
Primer mención de responsabilidad Ildefonso Maya Hernández
205 ## - Declaración de edición
Declaración de edición 1a ed
210 ## - Publicación, distribución, etc.
Lugar de publicación, distribución, etc. México
Nombre del editor, distribuidor, etc. Consejo Nacional para la Cultura y las Artes
-- Editorial Diana
Fecha de publicación, distribución, etc. 1994
215 ## - Descripción física
Designación de material específico y extensión del ítem 163 p
Dimensiones 21 cm
300 ## - Notas generales
Texto de la nota Edición bilingüe español-náhuatl
345 ## - Nota de información de adquisición
Fuente de adquisición/dirección de la suscripción [OBSOLETO] Donación del CNCA
410 #1 - Series
Título Letras indígenas contemporáneas
606 ## - Término temático usado como materia
Elemento de entrada Teatro náhuatl
Subdivisión geográfica México
Número Koha 4071
660 ## - Código de área geográfica
Código MX
700 ## - Nombre personal - Responsabilidad primaria
Elemento de entrada Maya Hernández
Parte del nombre distinta del elemento de entrada Ildefonso
Fechas 1936-
Número Koha 4072
801 #0 - Fuente de origen
Agencia cm
900 ## -
-- 1/14045
900 ## -
-- 710973526\\220597
942 ## - ELEMENTOS DE ENTRADA SECUNDARIOS (KOHA)
Tipo de ítem Koha Livre
996 ## -
-- MEX
-- 751145101
-- MMAG
-- 007286
-- 897.42 M467OF
-- 20230201LIV
Exemplaires
Estatus retirado Estado de daño Estado de pérdida Fecha de adquisición Biblioteca de origen Biblioteca actual Ubicación en estantería Código de barras Precio de reemplazo Signatura topográfica completa No para préstamo Tipo de ítem Koha Nota pública Nota no pública
      05/08/2025 Casa México Paris Casa México Paris   007286 05/08/2025 897.42 M467OF   Livre 20230201LIV 751145101